El arte y los artistas contemporáneos en la Península / (Record no. 166705)

MARC details
000 -LEADER
campo de control de longitud fija 00657nam a22001935i 4500
001 - NÚMERO DE CONTROL
campo de control 166705
003 - IDENTIFICADOR DE NÚMERO DE CONTROL
campo de control ES-MaACL
005 - FECHA Y HORA DE LA ÚLTIMA TRANSACCIÓN
campo de control 20250815132631.0
008 - DATOS DE LONGITUD FIJA--INFORMACIÓN GENERAL
campo de control de longitud fija 950111s1871 sp |||| | spa d
040 ## - FUENTE DE CATALOGACIÓN
Centro catalogador/agencia de origen AS
Lengua de catalogación spa
100 1# - ENTRADA PRINCIPAL--NOMBRE DE PERSONA
Nombre de persona Tubino, Francisco María,
Fechas asociadas al nombre 1833-1888
9 (RLIN) 111620
245 13 - MENCIÓN DEL TÍTULO
Título El arte y los artistas contemporáneos en la Península /
Mención de responsabilidad, etc. por F.M. Tubino.
260 ## - PUBLICACIÓN, DISTRIBUCIÓN, ETC.
Lugar de publicación, distribución, etc. Madrid :
Nombre del editor, distribuidor, etc. Librería de A. Duran,
Fecha de publicación, distribución, etc. 1871 (
Fabricante A.G. Fuentenebro)
300 ## - DESCRIPCIÓN FÍSICA
Extensión 348 p. ;
Dimensiones 20 cm.
596 ## - NOTA AL PIE DE IMPRENTA
NOTA AL PIE DE IMPRENTA Fecha de la cub.: 1872.
650 #7 - PUNTO DE ACCESO ADICIONAL DE MATERIA--TÉRMINO DE MATERIA
Término de materia o nombre geográfico como elemento de entrada Crítica artística
Fuente del encabezamiento o término embne
9 (RLIN) 16003
852 ## - LOCALIZACIÓN
Ubicación ES-MaACL
Número de control de estantería G-10248
Nota libre -- Enc. ed. en hol.
Holdings
Estatus retirado Estado de pérdida Estado de daño No para préstamo Colección Biblioteca de origen Biblioteca actual Ubicación en estantería Fecha de adquisición Fuente de adquisición Total de préstamos Signatura topográfica completa Código de barras Visto por última vez Precio de reemplazo Tipo de ítem Koha
        Libros del s. XIX Biblioteca del Ateneo de Madrid Biblioteca del Ateneo de Madrid Sala Pecera Planta 3 17/01/2008     G-10248 1174838 23/02/2023 23/02/2023 Libro impreso antiguo